[Event "Bremen-ch op"]
[Site "Bremen"]
[Date "2015.04.02"]
[Round "7"]
[White "Buchloh, Adrian"]
[Black "Volk, Robin"]
[Result "1-0"]
[WhiteElo "1611"]
[BlackElo "1285"]
[PlyCount "73"]
[EventDate "2015.03.28"]
[EventType "swiss"]
[EventRounds "9"]
[EventCountry "GER"]
[SourceTitle "EXT 2018"]
[Source "ChessBase"]
[SourceDate "2017.10.13"]
[SourceVersion "1"]
[SourceVersionDate "2017.10.13"]
[SourceQuality "1"]

1. f4 d5 2. Nf3 Bf5 3. e3 Nf6 4. Be2 e6 5. 0-0 Bd6 6. b3 Nbd7 7. Bb2 Qe7 8. h3 0-0-0 9. d3 h6 10. Nbd2 e5 11. fxe5 Nxe5 12. Nxe5 Bxe5 13. d4 Bxd4 14. Bxd4 Bd7 15. c4 Rdg8 16. Kh1 Kb8 17. cxd5 Nxd5 18. Nc4 f6 19. Bf3 Nb4 20. Re1 Bc6 21. Bxc6 Nxc6 22. Bc3 Rd8 23. Qe2 Nb4 24. Rad1 Nd5 25. Bb2 Rhe8 26. Qf3 Nb4 27. Ba3 c5 28. Bxb4 cxb4 29. Qf4+ Ka8 30. Rd6 Rd7 31. Red1 Red8 32. Rxd7 Rxd7 33. Rxd7 Qxd7 34. Qd6 Qxd6 35. Nxd6 Kb8 36. Kg1 Kc7 37. Ne8+ 1-0

[Event "Bremen-ch op"]
[Site "Bremen"]
[Date "2015.04.01"]
[Round "6"]
[White "Volk, Robin"]
[Black "Sommer, Andreas"]
[Result "0-1"]
[WhiteElo "1285"]
[BlackElo "1723"]
[PlyCount "76"]
[EventDate "2015.03.28"]
[EventType "swiss"]
[EventRounds "9"]
[EventCountry "GER"]
[SourceTitle "EXT 2018"]
[Source "ChessBase"]
[SourceDate "2017.10.13"]
[SourceVersion "1"]
[SourceVersionDate "2017.10.13"]
[SourceQuality "1"]

1. d4 d5 2. Nc3 c6 3. Bf4 Bf5 4. Qd2 e6 5. e3 Nf6 6. f3 Bd6 7. Nge2 0-0 8. g4 Bg6 9. h4 h5 10. Ng3 Re8 11. 0-0-0 Qc7 12. Bd3 Bxd3 13. cxd3 e5 14. dxe5 Bxe5 15. g5 d4 16. Bxe5 Qxe5 17. Nce4 Nxe4 18. Nxe4 dxe3 19. Qxe3 Nd7 20. f4 Qd5 21. Qf2 Qxa2 22. f5 Qd5 23. Rhe1 Re5 24. Rf1 g6 25. fxg6 fxg6 26. Nc3 Qb3 27. d4 Re7 28. Qc2 Qxc2+ 29. Kxc2 Nb6 30. Rd2 Nc4 31. Na4 Ne3+ 32. Kc3 Nxf1 33. Rf2 Ne3 34. Kd2 Rd8 35. Kd3 Nf5 36. Rf4 Red7 37. Ke2 Rxd4 38. Rxd4 Rxd4 0-1